000 00635nam a2200241Ia 4500
003 OSt
005 20220918174338.0
006 a|||||r|||| 00| 0
007 ta
008 220917b |||||||| |||| 00| 0 eng d
024 _a11,705
037 _cTextual
040 _aARTS
_cARTS
_beng
041 _2eng
_aeng
082 _a/\.2.J, M4
100 _aTulpule Shankar Gopal
_950074
245 0 _aMysticism in medieval India
260 _aWicsbaden
_bOtto Harrassowtiz
_c1984
300 _a270p.
_ccm.
650 _aSPIRITUALISM
942 _h/\.2.J, M4
_cTEXL
_2CC
999 _c152792
_d152792